000 00964nam a22002057a 4500
003 JO-AjAnu
005 20250309093939.0
008 250304b jo ||||| |||| 00| 0 ara d
040 _aJO-AjAnu
_bara
_cJO-AjAnu
_dJO-AjAnu
_erda
041 _aara
_hara
050 _a.KMM49
_bU82 2019
100 1 _aالعتيبي، جهاد صالح
_959625
_eمؤلف
245 0 _aالقواعد القضائية في شرح القانون المدني (دراسة مقارنة) الجزء الخامس : الفعل النافع، القانون مبدأ لأخذ مال الغير بلا سبب قبض غير المستحق الفضالة وقضاء دين الغير والتقادم /
_c جهاد صالح العتيبي
250 _aالطبعة الأولى
260 _aعمان :
_bد. ن،
_c2019
300 _a373 صفحة
504 _aيحتوي على مراجع وفهرس
650 0 _aالقانون المدني الأردني
_945947
942 _2lcc
_cBK
_n0
999 _c33863
_d33863